[Event "Subang Jaya op 12th"]
[Site "Subang Jaya"]
[Date "2024.01.28"]
[Round "8"]
[White "Naizli, Aiman Naqif"]
[Black "Mohd Afif, Muhd Danish Arif"]
[Result "1-0"]
[WhiteElo "1375"]
[BlackElo "1139"]
[PlyCount "139"]
[EventDate "2024.01.27"]
[EventType "swiss"]
[EventRounds "8"]
[EventCountry "MAS"]
[SourceTitle "CB06_2024"]
[SourceDate "2024.02.07"]
[SourceVersion "1"]
[SourceVersionDate "2024.02.07"]
[SourceQuality "1"]

1. d4 Nf6 2. c4 e6 3. Nf3 d5 4. Bg5 h6 5. Bh4 Be7 6. Nc3 c6 7. e3 Qb6 8. Qc2 Nbd7 9. cxd5 cxd5 10. Bd3 0-0 11. 0-0 a6 12. Rac1 Bd6 13. a3 g5 14. Bg3 Bxg3 15. hxg3 Qc7 16. Nxd5 Qxc2 17. Nxf6+ Nxf6 18. Rxc2 Bd7 19. Ne5 Rac8 20. Rfc1 Rxc2 21. Rxc2 Bb5 22. Bxb5 axb5 23. Rc5 Ne4 24. Rxb5 Rc8 25. Nd3 Rc7 26. Nc5 Nxc5 27. Rxc5 Rd7 28. Kf1 Kf8 29. Ke2 Ke7 30. Kd3 f6 31. Kc4 Kd6 32. Kb5 f5 33. Kb6 h5 34. a4 h4 35. gxh4 gxh4 36. f3 Rg7 37. Rc2 Rh7 38. b4 Rf7 39. b5 f4 40. e4 e5 41. d5 Rh7 42. a5 h3 43. gxh3 Rc7 44. Rg2 Rh7 45. Rh2 Rg7 46. h4 Rh7 47. h5 Rg7 48. Rh3 Rg3 49. Rh2 Rg7 50. h6 Rh7 51. Rh5 Rd7 52. h7 Rxh7 53. Rf5 Rd7 54. Rf6+ Ke7 55. Rh6 Kf8 56. d6 Kg7 57. Re6 Kf8 58. Kc5 Rg7 59. Rxe5 Kg8 60. Re7 Rxe7 61. dxe7 Kf7 62. Kd6 Ke8 63. b6 Kf7 64. Kd7 Kf6 65. e8Q Kg7 66. Qe6 Kh7 67. Qg4 Kh8 68. Ke7 Kh7 69. Kf7 Kh8 70. Qh4# 1-0

[Event "Subang Jaya op 12th"]
[Site "Subang Jaya"]
[Date "2024.01.27"]
[Round "4"]
[White "Naizli, Aiman Naqif"]
[Black "Sinnapar, Amirthen Yohann"]
[Result "1/2-1/2"]
[WhiteElo "1375"]
[BlackElo "1233"]
[PlyCount "43"]
[EventDate "2024.01.27"]
[EventType "swiss"]
[EventRounds "8"]
[EventCountry "MAS"]
[SourceTitle "CB06_2024"]
[SourceDate "2024.02.07"]
[SourceVersion "1"]
[SourceVersionDate "2024.02.07"]
[SourceQuality "1"]

1. d4 c5 2. e3 Nf6 3. Nf3 b6 4. c4 g6 5. Nc3 Bg7 6. Bd3 d6 7. 0-0 0-0 8. d5 e5 9. e4 Nh5 10. Ne1 f5 11. Be2 Nf6 12. exf5 gxf5 13. Bg5 Nbd7 14. Qd2 Qe8 15. Bh6 a6 16. Bxg7 Kxg7 17. Nf3 h6 18. Nh4 Nh7 19. Qd3 Qf7 20. Qg3+ Ng5 21. f4 exf4 22. Qxf4 1/2-1/2